Statistiques concernant Quiz date XVIIIe siècle

Cliquez ici pour prendre le quiz!

Statistiques générales

  • Ce quiz a été pris 33 fois
  • Le résultat moyen est 11 sur 21

Statistiques - réponses

HintRéponse% Correct
Guerre des farines1775
82%
Régence Philippe d'Orléans1715-1723
76%
Guerre 7 ans1756-1763
76%
Liberté de circulation des grains et des farines1774
76%
Peste Marseille1720
65%
Règne Louis XV1723-1774
65%
Bataille de Fontenoy1745
65%
Séance de la Flagelation1766
59%
Règne Louis XVI1774-1793
59%
Bulle UNIGENITUS1713
53%
Guerre succession Autriche1740-1748
53%
Parution 1er tome de l'encyclopédie1751
53%
Guerre indépendance des USA1775-1783
53%
Guerre succession Pologne1733-1738
47%
Le vingtième par Machault d'Arnouville1749
47%
Suppression de la compagnie des Jésuites1764
47%
Polysinodie1715-1718
41%
Fleury 1er ministre1726-1743
41%
Maupeou comme principal ministre1770-1774
29%
Système de Law1716-1720
24%
Édit de discipline puis suppression des parlements1770-1771
18%

Distribution des résultats

Percentile par nombre de réponses

% des personnes avec chaque résultat

Votre développement - résultats

Vous n’avez pas pris ce quiz